Die teuersten Fußballtransfers - Offensive Mittelfeldspieler - Statistiken

Allgemein
  • Dieses Quiz wurde 72 mal gespielt
  • Das Durchschnittsergebnis liegt bei 9 aus 10
Antwortstatistiken
Ablöse (M €) Saison Nationalität Abgebender Verein Aufnehmender Verein Spieler % Korrekt
103,00 2023-2024 England Borussia Dortmund Real Madrid Jude Bellingham
100%
80,00 2020-2021 Deutschland Bayer Leverkusen FC Chelsea Kai Havertz
98%
75,00 2023-2024 Deutschland FC Chelsea FC Arsenal Kai Havertz
98%
76,00 2015-2016 Belgien VfL Wolfsburg Manchester City Kevin De Bruyne
95%
75,00 2014-2015 Kolumbien AS Monaco Real Madrid James Rodríguez
92%
77,50 2001-2002 Frankreich Juventus Turin Real Madrid Zinédine Zidane
92%
67,00 2009-2010 Brasilien AC Mailand Real Madrid Kaká
91%
135,00 2017-2018 Brasilien FC Liverpool FC Barcelona Philippe Coutinho
89%
65,00 2019-2020 Portugal Sporting Manchester United Bruno Fernandes
83%
72,00 2018-2019 Frankreich AS Monaco Atlético Madrid Thomas Lemar
58%
Keine übereinstimmenden Quizze gefunden
Verteilung der Resultate
Anzahl Personen mit jedem Resultat
Perzentil nach korrekt beantworteten Fragen
Ihre Resultats-Entwicklung
Sie haben dieses Quiz noch nicht gespielt